| Record ID | marc_records_scriblio_net/part08.dat:180602602:558 |
| Source | Scriblio |
| Download Link | /show-records/marc_records_scriblio_net/part08.dat:180602602:558?format=raw |
LEADER: 00558nam 22002051 4500
001 75354295
003 DLC
005 19780202000000.0
008 771130s1968 gw b 00000 ger
010 $a 75354295
015 $aGDB68-A36-162
050 0 $aPT2603.R397$bZ576
100 10 $aBrandt, Thomas O.
245 14 $aDie Vieldeutigkeit Bertolt Brechts.
260 0 $aHeidelberg,$bStiehm$c(1968).
300 $a91 p.$c24 cm.
350 $aDM12.-
490 0 $aPoesie und Wissenschaft, 10
504 $aBibliographical footnotes.
600 10 $aBrecht, Bertolt,$d1898-1956.